Organisation of the government of Malaysia 1967

Bibliographic Details
Format: Book
Language:English
Published: Kuala Lumpur : Development Administration Unit Prime Minister Department 1967
Subjects:

MARC

LEADER 00000cam a2200000 7i4500
001 0000007971
005 20240917.0
008 240904 my a eng
040 |a INS   |b eng   |e rda 
090 0 0 |a RJQ715   |b .O74 1967 
245 0 0 |a Organisation of the government of Malaysia 1967 
264 1 |a Kuala Lumpur :   |b Development Administration Unit Prime Minister Department   |c 1967 
300 |a xi, 417 pages :   |b illustrations ;   |c 25 cm. 
336 |a text  |2 rdacontent 
337 |a unmediated  |2 rdamedia 
338 |a volume  |2 rdacarrier 
650 0 |a Administrative agencies   |z Malaysia 
651 0 |a Malaysia   |x Politics and government 
999 |a 0000022341   |b BOOK   |c Red Spot   |e Default branch